00000000cam 2200000zi 4500
0019.960082
003CaOODSP
00520260512151653
006m     o  d f      
007cr cn ||||||||
008260217t20252025oncb    obs  f000 0 fre d
020 |a9780660985060
040 |aCaOODSP|bfre|erda|cCaOODSP
043 |an-cn---
0861 |aA59-129/2026F-PDF
1001 |aYang, J. Y., |eauteur.
24510|aIndicateur du risque de contamination de l'eau par l'azote.
264 1|a[Ottawa] : |bAgriculture et agroalimentaire Canada = Agriculture and Agri-Food Canada, |c[2025]
264 4|c©2025
300 |a1 ressource en ligne (i, 21 pages) : |bcartes
336 |atexte|btxt|2rdacontent/fre
337 |ainformatique|bc|2rdamedia/fre
338 |aressource en ligne|bcr|2rdacarrier/fre
500 |aPublié aussi en anglais sous le titre : Indicator of the risk of water contamination by nitrogen.
500 |a« Rapport sur les indicateurs agroenvironnementaux. »
500 |a« La durabilité environnementale de l'agriculture canadienne, année de recensement 2021. »
500 |a« Rapport sur les indicateurs agroenvironnementaux, année de recensement 2021 » -- Verso de la couverture.
500 |a« Statut : couverture nationale, 1981-2021 » -- Verso de la couverture.
500 |a« Auteurs : J. Y. Yang, C. F, Drury1 et J. G. Liu » -- Verso de la couverture.
500 |a« AAFC no. 13350F » -- Verso de la couverture.
504 |aComprend des références bibliographiques (pages 19-21).
650 6|aEau|xPollution|zCanada.
650 6|aAzote en agriculture|xAspect de l'environnement|zCanada.
650 6|aAzote en agriculture|zCanada|vStatistiques.
655 7|aStatistiques|2rvmgf
7101 |aCanada. |bAgriculture et agroalimentaire Canada, |eorganisme de publication.
77508|tIndicator of the risk of water contamination by nitrogen.|w(CaOODSP)9.960083
85640|qPDF|s791 Ko|uhttps://publications.gc.ca/collections/collection_2026/aac-aafc/A59-129-2026-fra.pdf
986 |a13350F